Le bienhereux ramon lull, chevalier par heredite et par vocation /
Guardado en:
| Autor Principal: | |
|---|---|
| Formato: | Libro |
| Publicado: |
EspaÑa :
Servitium Int. Maioricensis Scholae Lullisticae,
1963
|
| Materias: | |
| Etiquetas: |
Agregar Etiqueta
Sin Etiquetas, Sea el primero en etiquetar este registro!
|
| LEADER | 00539nam a22001575a 4500 | ||
|---|---|---|---|
| 001 | EHU.bham008917 | ||
| 003 | AR-BHAM | ||
| 005 | 20100108103919.0 | ||
| 008 | 130507s1963##################000#0#####d | ||
| 082 | 8 | 6 | |a 864.107 |
| 100 | 1 | |a Probst, Juan C. | |
| 245 | 1 | 0 | |a Le bienhereux ramon lull, chevalier par heredite et par vocation / |c Juan C. Probst. |
| 260 | |a EspaÑa : |b Servitium Int. Maioricensis Scholae Lullisticae, |c 1963 | ||
| 300 | |a 11 p. | ||
| 653 | |a Ensayo espaÑol- -1369 | ||
| 859 | |a AR-BHAM |b BIB. HUMANIDADES - General |h 864.107 |i P941 |p 638.64 |t Ej.1 | ||
